| 000 | 01035nam a22002297a 4500 | ||
|---|---|---|---|
| 999 |
_c13539 _d13539 |
||
| 003 | AR-CdUCM | ||
| 008 | 190415b ||||| |||| 00| 0 spa d | ||
| 040 |
_aMUNICIPALIDAD PROVINCIAL DEL CUSCO _cBIBLIOTECA MUNICIPAL DEL CUSCO |
||
| 082 |
_a301.985 / _bD63 |
||
| 100 |
_aDeustua, José _927015 |
||
| 245 | _aIntelectuales, indigenismo y descentralismo en el Perú 1897-1931 / | ||
| 260 |
_aCusco : _bC.E.R.A. "Bartolomé de Las Casas", _c1984. |
||
| 300 |
_a132 páginas ; _bMapa, _c23 cm. |
||
| 440 |
_aDebates andinos ; _n4 _927016 |
||
| 505 | _aContenido: Expansión cultural e intelectualidad regional: Perú 1900-1930 -- El centro científico del Cusco, 1897-1907: expresión de una intelectualidad regional -- Indigenistas y movimientos campesinos en el Cusco, 1918-1923 -- Los descentralistas arequipeños y la crisis política de 1931. | ||
| 650 |
_aIndigenismo _9208 |
||
| 650 |
_aAspectos sociales _9262 |
||
| 650 |
_aPerú _935 |
||
| 700 |
_aRenique, Jose Luis _924771 |
||
| 942 |
_2ddc _cLIBROS |
||
| 945 |
_aacv _d2019-04-15 |
||